Constitutionalization of Panchayati Raj: a reassessment (Record no. 387258)

000 -LEADER
fixed length control field 00419cam a22001457a 4500
008 - FIXED-LENGTH DATA ELEMENTS--GENERAL INFORMATION
fixed length control field 180718b1998 xxu||||| |||| 00| 0 eng d
020 ## - INTERNATIONAL STANDARD BOOK NUMBER
International Standard Book Number 8170334414
082 ## - DEWEY DECIMAL CLASSIFICATION NUMBER
Classification number B73x54 J78
245 ## - TITLE STATEMENT
Title Constitutionalization of Panchayati Raj: a reassessment
Statement of responsibility, etc. edited by R.P. Joshi
260 ## - PUBLICATION, DISTRIBUTION, ETC.
Place of publication, distribution, etc. Jaipur
Name of publisher, distributor, etc. Rawat
Date of publication, distribution, etc. 1998
300 ## - PHYSICAL DESCRIPTION
Extent 200p.
650 ## - SUBJECT ADDED ENTRY--TOPICAL TERM
Topical term or geographic name entry element Local government --India.
650 ## - SUBJECT ADDED ENTRY--TOPICAL TERM
Topical term or geographic name entry element Panchayat --India
700 ## - ADDED ENTRY--PERSONAL NAME
Personal name Joshi, R.P.
Holdings
Withdrawn status Lost status Damaged status Not for loan Permanent Location Current Location Date acquired Full call number Barcode Date last seen Price effective from Koha item type
        Indian Institute of Public Administration Indian Institute of Public Administration 1998-07-07 B73x54 J78 73237 2018-07-21 2018-07-21 Book

Powered by Koha